Notes of a film director

Enregistré dans:
Détails bibliographiques
Auteur principal: Eisenstein, Sergei (Auteur)
Format: Livre
Langue:anglais
Publié: Nueva York Dover 1970
Collection:Dover Books on the Film
Sujets:
Tags: Ajouter un tag
Pas de tags, Soyez le premier à ajouter un tag!

MARC

LEADER 00000nam a2200000 a 4500
001 UCO4992
003 CL-VaPUC
008 000825e19700000US |||||||||||||||||eng|d
082 0 4 |a 791.4309  |b EIS  |2 21 
100 |a Eisenstein, Sergei  |e author  |9 602473 
245 1 0 |a Notes of a film director 
300 |a 207 p 
942 |c BK 
945 |d 20000825 00:00:00  |a crobeson 
260 |a Nueva York  |b Dover  |c 1970 
650 0 |a Directores de cine  |9 368705 
650 7 |a REALIZADORES CINEMATOGRAFICOS  |2 CL-VaPUC  |9 355120 
650 0 |a Autobiografías   |9 265171 
650 0 |a Cine  |9 225706 
650 0 |a Cinematografía  |9 265198 
650 7 |a FILMACION  |2 CL-VaPUC  |9 336722 
650 0 |a Industria cinematográfica  |9 266081 
650 7 |a PELICULAS CINEMATOGRAFICAS  |2 CL-VaPUC  |9 449712 
583 |a last modification  |c 20151005 02:13:52  |k Rodrigo Vera 
490 0 |a Dover Books on the Film 
999 |c 290950  |d 290948 
952 |0 0  |1 0  |4 0  |6 791_430900000000000_EIS_1970  |7 0  |8 A  |9 340582  |a BIBART  |b BIBART  |d 2019-11-20  |i 1217771  |o 791.4309 EIS 1970  |p 1217771  |r 2025-03-13  |w 2019-11-20  |y BK  |k ART